Hodinka Antal emlékkönyv

Bibliographic Details
Main Author: -JA- (Author)
Other Authors: Udvari, István (Compiler)
Format: Article
Language:Slovak
Subjects:

MARC

LEADER 00000nab a2200000 a 4500
001 vtls000511146
003 SK-MaSNL
005 20260304180727.0
008 250426c1994 xo 0 slo
015 |a SNBRB19rr/mm-uuuuu 
035 |a CL0511284 
035 |a (urnnbn)urn:nbn:sk:snk:ar-004sfp 
035 |a (uuid)56753cf4-fd02-4358-bce5-4808249c381a 
035 |a urn:nbn:sk:snk-ab7x6v 
040 |a SNKBUCL  |b slo  |c SNKBUCL  |e AACR2 
041 0 |a slo 
044 |a xo  |c SK 
080 |a 27-051:061.3  |2 1981 
100 1 |a -JA-  |4 aut  |9 914692 
245 1 0 |a Hodinka Antal emlékkönyv  |c -ja- 
600 1 7 |a Hodinka, Anton,  |d 1864-1946  |2 snkbucl  |9 159055 
648 7 |a 1993  |2 SNKPH  |9 284597 
648 7 |a jún 1993  |2 SNKPH  |9 983360 
650 0 7 |a konferencie  |2 SNKPH  |9 19221 
651 7 |a Nyíregyháza (Maďarsko)  |2 SNKPH  |9 51661 
655 7 |a zborníky  |2 snkbucl  |9 70165 
655 7 |a články z novín a časopisov  |2 snkbucl  |9 267496 
655 7 |a recenzie  |2 snkbucl  |9 21907 
700 1 |a Udvari, István  |4 com  |9 282527 
773 0 |t Historický časopis  |g Roč. 42, č. 1 (1994), s. 149-150 
787 0 8 |i Rec.:  |a Udvari, István  |t Hodinka Antal emlékkönyv  |d Nyíregyháza, 1993 
850 |a Slovenská národná knižnica 
852 |a Slovenská národná knižnica 
954 |a odborná, vedecká literatúra pôvodná (slovenská)  |2 lita 
958 |a article9 
958 |a OND 
958 |a RK 
958 |a HU 
958 |a EUIPO 
992 |a RBX 
999 |c 3019313  |d 3021243